000 00455nam a2200157 a 4500
005 20210219150511.0
008 991125s1955 s.l 000 0 spa u
035 _aUPN01000015544
049 _aCG
050 4 _aLB1025 L3
_bD5.3
245 1 0 _aDidattica del latino /
_cG. B. Pighi... [et al.].
260 _aRoma :
_bA. Signorelli,
_c1955
300 _a220 p.
500 _a"Saggi e conferenze a cura del Movimento Circoli della Didattica
905 _aLibro
999 _c15544
_d15544